[Event "SLO-ch U12 Girls"]
[Site "Ptuj"]
[Date "2017.03.03"]
[Round "9"]
[White "Novak, Ajda"]
[Black "Sraka, Luna"]
[Result "0-1"]
[WhiteElo "1627"]
[BlackElo "1343"]
[PlyCount "50"]
[EventDate "2017.02.27"]
[EventType "swiss"]
[EventRounds "9"]
[EventCountry "SLO"]
[SourceTitle "CBM 177 Extra"]
[Source "ChessBase"]
[SourceDate "2017.04.27"]
[SourceVersion "1"]
[SourceVersionDate "2017.04.27"]
[SourceQuality "1"]

1. e4 e5 2. Nf3 Nc6 3. Bc4 Nf6 4. d4 exd4 5. e5 Ne4 6. Qe2 Nc5 7. Bd5 Be7 8. 0-0 h6 9. Qc4 0-0 10. Nbd2 b6 11. Ne4 Ba6 12. Qb3 Nxb3 13. Bxb3 Bxf1 14. Kxf1 d5 15. exd6 Bxd6 16. Ba4 Nb4 17. Bd2 Qe7 18. Re1 a6 19. Bb3 Qd7 20. Nxd4 Bc5 21. Ng3 Qxd4 22. Be3 Qxb2 23. Bc1 Qf6 24. Ne4 Qf5 25. Kg1 Rfe8 0-1

[Event "SLO-ch U12 Girls"]
[Site "Ptuj"]
[Date "2017.03.01"]
[Round "6"]
[White "Novak, Ajda"]
[Black "Casar, Zala"]
[Result "1-0"]
[WhiteElo "1627"]
[BlackElo "1599"]
[PlyCount "29"]
[EventDate "2017.02.27"]
[EventType "swiss"]
[EventRounds "9"]
[EventCountry "SLO"]
[SourceTitle "CBM 177 Extra"]
[Source "ChessBase"]
[SourceDate "2017.04.27"]
[SourceVersion "1"]
[SourceVersionDate "2017.04.27"]
[SourceQuality "1"]

1. e4 e5 2. Nf3 Nc6 3. Bc4 h6 4. d4 Bb4+ 5. Nc3 Nf6 6. dxe5 Nxe4 7. Qd5 0-0 8. Qxe4 d6 9. h3 g6 10. 0-0 Bxc3 11. bxc3 Re8 12. Bxh6 Kh7 13. Bg5 f6 14. Qh4+ Kg7 15. Qh6# 1-0